000 00597cam a22001937i 4500
005 20241008163508.0
010 _aENG-141975
020 _a9789389907719
_c250.00
035 _aEN-125507
037 _bDBAD
082 _aS
100 _aPrakash, Thanjai
_972484
245 1 4 _aBoundless and Bare/
_cBy Thanjai Prakash
250 _a1
260 _aChennai
_bZero Degree Publishing
_c2019
270 _a12/7, Bay line Apartments 2nd cross street, R.K.Nagar
_bThiruvanmiyur, Chennai
_e600041
_k9840065000
_mzerodegreepublishing@gmail.com
300 _a170p.
_c22cm(pb)
942 _2ddc
_cEN
_hS
_mPRA
999 _c206179
_d206179